| 000 | 00640nam a22001937a 4500 | ||
|---|---|---|---|
| 003 | OSt | ||
| 005 | 20240903161000.0 | ||
| 008 | 240903b ||||| |||| 00| 0 eng d | ||
| 040 | _cAIMIT LIBRARY | ||
| 100 |
_aDias, Pavan. _e2216125 _9178648 |
||
| 245 |
_aImpact of HR strategies on employee retention in Lupin limited / _cBy Pavan Dias ; Guided by Annette Sonia Maben. |
||
| 260 |
_aMumbai ; _c2024. |
||
| 650 |
_aResearch question _9178649 |
||
| 650 |
_aData sources _9178650 |
||
| 650 |
_aReliability analysis _9178651 |
||
| 700 |
_aMaben, Annette Sonia. _eGuide _9178652 |
||
| 856 |
_3Lupin Limited. _ywww.lupin.com |
||
| 942 |
_2ddc _cPRO |
||
| 999 |
_c231723 _d231723 |
||